000 00317 a2200109 4500
001 ART_11323
005 20260410161856.0
008 260409a
245 1 0 _aLa economía de los bienes públicos
100 1 _aFrediani, Ramón O.
773 0 _tRevista de Economía
_g- Nº 33 (jun. 1982)
_wREV11077
999 _c25466
_d25466